[Event "WYCC 2018 O16"]
[Site "Halkidiki"]
[Date "2018.10.20"]
[Round "1"]
[White "O'Donnell, Tom"]
[Black "Esipenko, Andrey"]
[Result "0-1"]
[WhiteElo "2332"]
[BlackElo "2609"]
[Annotator "TA"]
[PlyCount "94"]
[EventDate "2018.10.20"]
[EventType "swiss"]
[EventCountry "GRE"]
[SourceTitle "playchess.com"]
[Source "ChessBase"]
[SourceQuality "1"]

{[%evp 17,94,16,58,0,-3,-18,-27,-29,-13,-20,0,0,0,-8,0,-2,44,0,0,-19,-17,-20,-6,-56,0,-79,-81,-89,-76,-84,-85,-89,-89,-79,-85,-85,-75,-66,-47,-117,-102,-108,-89,-173,-191,-189,-179,-179,-158,-287,-227,-347,-340,-453,-331,-475,-376,-449,-423,-674,-668,-680,-670,-1017,-1011,-989,-969,-1104,-1106,-1100,-1018,-1127,-1045,-1005,-880,-1463,-1761,-1651,-1580]} 1. e4 e5 2. Nf3 Nc6 3. Bb5 g6 4. c3 a6 5. Bc4 Bg7 6. d4 {C60: Ruy Lopez: Unusual Black 3rd moves and 3...g6} exd4 7. cxd4 b5 8. Bb3 Nge7 (8... d6 9. h3 Nf6 10. O-O O-O 11. Re1 Bb7 12. Nbd2 Nb4 13. Nf1 {0-1 (33) Hansen,E (2629)-Anand,V (2771) Batumi 2018}) 9. Nc3 O-O {LiveBook: 30 Games} 10. Bg5 (10. h4 $14) 10... h6 $11 11. Bh4 Na5 12. Bc2 d6 $146 ({Predecessor:} 12... b4 13. Ne2 d6 {0-1 (56) Berend,F (2328)-Karttunen,M (2458) Baku 2016}) 13. O-O g5 14. Bg3 f5 {Threatens to win with ...f4.} 15. exf5 Bxf5 16. Re1 Nc4 17. b3 Nb6 18. h4 g4 19. Nh2 h5 $36 {[%mdl 2048] White is under pressure.} 20. Ne4 Nbd5 (20... Qe8 $1 $15) 21. Ng5 (21. b4 $11 {remains equal.}) 21... Qd7 $17 22. Nf1 Bxc2 23. Qxc2 {[%csl Gg5][%cal Rc2h7]} Qf5 24. Qd2 {[#]} Bh6 $1 25. Ne3 Nxe3 ({Much worse is} 25... Bxg5 26. Nxf5 Bxd2 27. Nxe7+ Nxe7 28. Rxe7 $11) 26. Qxe3 Bxg5 27. hxg5 Nd5 28. Qe6+ ({White should play} 28. Qc1 $15) 28... Qxe6 29. Rxe6 Rae8 30. Rae1 (30. Rh6 $17) 30... Rxe6 $19 31. Rxe6 {[%mdl 4096] Endgame KRB-KRN} Kg7 32. Kf1 {[#]} a5 $1 {[%cal Ba6a5,Ba5a4][%mdl 32]} 33. Ke2 (33. Rh6 $17 {was called for.}) 33... a4 34. Kd2 (34. Rh6 $142) 34... a3 35. Bh4 Nb4 36. g6 (36. Bg3 $142) 36... Nd5 37. Kc2 b4 {Black is clearly winning.} 38. Kd2 (38. Bg3 $142 Nf4 39. Re7+ Kxg6 40. Rxc7) 38... Nf4 39. Re7+ Kxg6 40. Rxc7 Nxg2 41. Bg3 h4 42. Bxd6 Rxf2+ 43. Kd3 g3 44. Be5 Nf4+ 45. Ke4 Ne6 46. Re7 Ng5+ 47. Ke3 Rxa2 {Precision: White = 19%, Black = 76%.} 0-1

[Event "WYCC 2018 O16"]
[Site "Halkidiki"]
[Date "2018.10.20"]
[Round "1"]
[White "Morgunov, Daniel"]
[Black "Hafstad, Leif"]
[Result "1-0"]
[WhiteElo "2328"]
[BlackElo "1928"]
[Annotator "NA"]
[PlyCount "75"]
[EventDate "2018.10.20"]
[EventType "swiss"]
[EventCountry "GRE"]
[SourceTitle "playchess.com"]
[Source "ChessBase"]
[SourceQuality "1"]
[TimeControl "40/5400+30:1800+30"]

1. e4 {[%emt 0:00:00]} e6 {[%emt 0:00:00]} 2. d4 {[%emt 0:00:00]} d5 {[%emt 0:00:00]} 3. Nd2 {[%emt 0:00:00]} Nf6 {[%emt 0:00:14]} 4. e5 {[%emt 0:00:00]} Nfd7 {[%emt 0:00:24]} 5. Bd3 {[%emt 0:00:00]} c5 {[%emt 0:00:20]} 6. c3 {[%emt 0:00:00]} Nc6 {[%emt 0:00:11]} 7. Ne2 {[%emt 0:00:05]} cxd4 {[%emt 0:00:17]} 8. cxd4 {[%emt 0:00:04]} f6 {[%emt 0:00:38]} 9. exf6 {[%emt 0:00:10]} Nxf6 {[%emt 0:00:14]} 10. O-O {[%emt 0:00:19]} Bd6 {[%emt 0:00:24]} 11. Nf3 {[%emt 0:00:05]} Qc7 {[%emt 0:00:23]} 12. Bg5 {[%emt 0:07:30]} O-O {[%emt 0:00:33]} 13. Bh4 {[%emt 0:01:33]} Nh5 {[%emt 0:03:05]} 14. Qc2 {[%emt 0:13:31]} h6 {[%emt 0:01:25]} 15. Rfe1 {[%emt 0:03:07] C06: French Tarrasch: 3...Nf6 4 e5 Nfd7 5 Bd3 main lines} (15. Bh7+ Kh8 16. Bg6 Nf4 17. Nxf4 Rxf4 18. Bg3 Rxf3 19. gxf3 Qe7 20. Rad1 Bd7 21. Qc3 Rf8 22. Bb1 Kg8 {1-0 (41) Artemiev,V (2653)-Onischuk,V (2615) Martuni 2016}) 15... Rxf3 $146 {[%emt 0:19:47]} ({Predecessor:} 15... Bd7 16. Rac1 Rxf3 17. gxf3 Bxh2+ 18. Kh1 Rf8 19. Be7 Rxf3 20. Kg2 Nf4+ 21. Kxf3 Be8 22. Nxf4 Nxd4+ {0-1 (22) Lauer,F (1124)-Pepermans,T (2361) LSS email 2013}) 16. gxf3 {[%emt 0:00:55]} Bxh2+ {[%emt 0:01:48]} 17. Kg2 {[%emt 0:01:20]} Nf4+ {[%emt 0:12:50]} 18. Nxf4 {[%emt 0:06:30]} Qxf4 {[%emt 0:09:15]} 19. Bh7+ {[%emt 0:06:34]} Kh8 {[%emt 0:01:55]} 20. Bg3 {[%emt 0:00:57]} Bxg3 {[%emt 0:02:09]} 21. fxg3 {[%emt 0:00:09]} Qxd4 {[%emt 0:02:57]} 22. Rad1 {[%emt 0:02:11]} Qf6 {[%emt 0:01:46]} 23. Bg6 $11 {[%emt 0:17:30]} Bd7 {[%emt 0:03:37]} 24. Bh5 {[%emt 0:03:55]} Rc8 {[%emt 0:03:34]} 25. Qd2 {[%emt 0:05:54]} Ne5 {[%emt 0:20:00]} 26. Qe2 {[%emt 0:03:47]} Nc4 {[%emt 0:02:26]} 27. b3 {[%emt 0:01:42]} Nd6 {[%emt 0:00:59]} 28. Bg4 {[%emt 0:03:51]} Nf5 {[%emt 0:01:01]} 29. Rc1 {[%emt 0:07:06]} Re8 {[%emt 0:02:30]} 30. Bxf5 {[%emt 0:02:07]} Qxf5 {[%emt 0:01:18]} 31. Qe5 {[%emt 0:00:55]} Qxe5 {[%emt 0:02:19]} 32. Rxe5 {[%emt 0:00:05]} Kg8 {[%emt 0:02:46]} 33. Kf2 {[%emt 0:01:05]} Bc6 {[%emt 0:00:58]} 34. f4 {[%emt 0:03:03]} Kf7 {[%emt 0:01:34]} 35. Ke3 {[%emt 0:00:25]} Ke7 {[%emt 0:01:08]} 36. Kd4 {[%emt 0:00:50]} Kd6 {[%emt 0:00:48]} 37. f5 {[%emt 0:03:53]} exf5 {[%emt 0:00:59]} 38. Rxc6+ {[%emt 0:00:24]} 1-0

[Event "WYCC 2018 O16"]
[Site "Halkidiki"]
[Date "2018.10.20"]
[Round "1"]
[White "Golikov, Daniil"]
[Black "Carroll, Peter"]
[Result "1-0"]
[WhiteElo "2319"]
[BlackElo "1917"]
[Annotator "NA"]
[PlyCount "73"]
[EventDate "2018.10.20"]
[EventType "swiss"]
[EventCountry "GRE"]
[SourceTitle "playchess.com"]
[Source "ChessBase"]
[SourceQuality "1"]
[TimeControl "40/5400+30:1800+30"]

1. d4 {[%emt 0:00:00]} Nf6 {[%emt 0:00:00]} 2. c4 {[%emt 0:00:00]} g6 {[%emt 0:00:00]} 3. Nc3 {[%emt 0:00:00]} Bg7 {[%emt 0:00:00]} 4. e4 {[%emt 0:00:10]} O-O {[%emt 0:00:00]} 5. Be2 {[%emt 0:00:03]} d6 {[%emt 0:00:00]} 6. Bg5 {[%emt 0:00:04]} c5 {[%emt 0:00:00]} 7. d5 {[%emt 0:00:19]} e6 {[%emt 0:00:00]} 8. Nf3 {[%emt 0:10:34]} h6 {[%emt 0:10:19]} 9. Bf4 {[%emt 0:02:46]} exd5 {[%emt 0:03:14]} 10. cxd5 {[%emt 0:02:21]} Re8 {[%emt 0:06:23]} 11. Nd2 {[%emt 0:00:13]} a6 {[%emt 0:02:49]} 12. a4 {[%emt 0:00:03]} Qe7 {[%emt 0:06:06]} 13. a5 {[%emt 0:09:58]} Nbd7 {[%emt 0:00:49]} 14. O-O {[%emt 0:00:15]} Ne5 {[%emt 0:04:18]} 15. h3 {[%emt 0:05:42]} Nfd7 {[%emt 0:04:08]} 16. Qc2 {[%emt 0:03:05]} Rf8 {[%emt 0:11:49]} 17. Bg3 {[%emt 0:00:52]} g5 {[%emt 0:03:06]} 18. Nd1 {[%emt 0:05:44]} Ng6 {[%emt 0:04:52]} 19. Ne3 {[%emt 0:05:09]} Nde5 {[%emt 0:10:24]} 20. Rfe1 {[%emt 0:08:13]} Nf4 {[%emt 0:07:17]} 21. Bf1 {[%emt 0:00:33]} f5 {[%emt 0:03:25]} 22. Bxf4 {[%emt 0:08:11]} gxf4 {[%emt 0:01:55]} 23. Nxf5 {[%emt 0:00:04]} Bxf5 {[%emt 0:00:07]} 24. exf5 {[%emt 0:00:04]} Qf7 {[%emt 0:04:50]} 25. Ne4 {[%emt 0:09:13]} Qxf5 {[%emt 0:01:28]} 26. Qb3 {[%emt 0:01:06]} Qg6 {[%emt 0:01:36]} 27. Kh1 {[%emt 0:00:27]} f3 {[%emt 0:04:27]} 28. g3 {[%emt 0:00:47]} h5 {[%emt 0:04:09]} 29. Qxb7 {[%emt 0:14:21]} Rfb8 {[%emt 0:04:49]} 30. Qe7 {[%emt 0:00:20]} Rxb2 {[%emt 0:00:47]} 31. Nxd6 {[%emt 0:04:57]} Rxf2 {[%emt 0:01:52]} 32. Rxe5 {[%emt 0:00:02]} Bxe5 {[%emt 0:00:30]} 33. Qxe5 {[%emt 0:00:01]} Rd8 {[%emt 0:00:30]} 34. Ne4 {[%emt 0:00:33]} Rc2 {[%emt 0:00:30]} 35. Nf6+ {[%emt 0:01:25]} Kf8 {[%emt 0:00:26]} 36. Re1 {[%emt 0:00:09]} Qf7 {[%emt 0:00:23]} 37. Nh7+ {[%emt 0:01:56]} 1-0

[Event "WYCC 2018 O16"]
[Site "Halkidiki"]
[Date "2018.10.20"]
[Round "1"]
[White "Gabizon, Eyal"]
[Black "Gavrilescu, David"]
[Result "0-1"]
[WhiteElo "2205"]
[BlackElo "2481"]
[Annotator "TA"]
[PlyCount "58"]
[EventDate "2018.10.20"]
[EventType "swiss"]
[EventCountry "GRE"]
[SourceTitle "playchess.com"]
[Source "ChessBase"]
[SourceQuality "1"]

{[%evp 20,58,0,-19,0,11,6,-8,-24,-28,-26,-34,-26,-20,-13,-23,0,-38,-32,-33,-8,-26,-30,-42,-32,-58,-73,-176,-102,-183,-175,-189,-181,-170,-190,-268,-270,-265,-241,-231,-224]} 1. d4 Nf6 2. c4 e6 3. Nc3 Bb4 4. e3 O-O 5. Bd3 d5 6. Nge2 dxc4 7. Bxc4 c5 8. O-O cxd4 9. exd4 Nc6 10. Bg5 Be7 11. Rc1 {LiveBook: 10 Games} Nd5 {E48: Nimzo-Indian: Rubinstein: 5 Bd3 d5 including 6 Ne2, but excluding 6 a3} (11... Bd7 12. Bd3 Rc8 13. Bb1 Qa5 14. Qd2 Rfd8 15. Qe3 Ng4 16. Qh3 Bxg5 17. f4 Bf6 18. d5 exd5 19. Qxh7+ Kf8 20. Rce1 Qc5+ 21. Kh1 g6 22. Ng3 Nf2+ 23. Rxf2 Qxf2 24. Re2 Qxf4 25. Bxg6 Qc1+ {0-1 (25) Lenderman,A (2601)-Lastin,A (2643) ICC INT 2010}) 12. Bxe7 Ncxe7 13. Qb3 Nb6 {The position is equal.} 14. Bd3 Bd7 15. Rfd1 $146 ({Predecessor:} 15. Bb1 Bc6 16. Rfd1 Nbd5 17. Ne4 Ng6 18. Rd3 Ndf4 19. Nxf4 Nxf4 {0-1 (27) Popov,Y (2182)-Kairov,B Sukhumi 2006}) 15... Bc6 16. Qc2 g6 17. Qd2 Rc8 18. Ne4 Nf5 19. Bb1 Nd5 20. N2g3 Qh4 21. f3 Rcd8 22. Nxf5 exf5 23. Ng3 (23. Nc3 $17) 23... Nf4 (23... Rfe8 $19 24. Re1 Rxe1+ 25. Rxe1 Nf4) 24. Qf2 (24. Ne2 $17 {was called for.} Nxe2+ 25. Qxe2) 24... Rfe8 $19 25. Rd2 Qg5 26. Rcd1 h5 {[%cal Bh7h5,Bh5h4,Bh4h3][%mdl 32] Strongly threatening ...h4.} 27. Kh1 (27. h4 $142 Qxh4 28. Ne2 Qxf2+ 29. Kxf2) 27... h4 28. Nf1 h3 29. g3 Qh5 {Precision: White = 44%, Black = 60%.} 0-1

[Event "WYCC 2018 O16"]
[Site "Halkidiki"]
[Date "2018.10.20"]
[Round "1"]
[White "Ongut, Tamas Gunes"]
[Black "Sargsyan, Shant"]
[Result "0-1"]
[WhiteElo "2185"]
[BlackElo "2463"]
[Annotator "RC"]
[PlyCount "80"]
[EventDate "2018.10.20"]
[EventType "swiss"]
[EventCountry "GRE"]
[SourceTitle "playchess.com"]
[Source "ChessBase"]
[SourceQuality "1"]
[TimeControl "40/5400+30:1800+30"]

1. e4 {[%emt 0:00:00]} e5 {[%emt 0:00:31]} 2. Nf3 {[%emt 0:00:00]} Nc6 {[%emt 0:00:13]} 3. Bb5 {[%emt 0:00:00]} a6 {[%emt 0:00:23]} 4. Ba4 {[%emt 0:00:03]} Nf6 {[%emt 0:00:27]} 5. O-O {[%emt 0:00:10]} Be7 {[%emt 0:00:35]} 6. Re1 {[%emt 0:00:09]} b5 {[%emt 0:00:32]} 7. Bb3 {[%emt 0:00:08]} d6 {[%emt 0:00:23]} 8. c3 {[%emt 0:00:08]} O-O {[%emt 0:00:24]} 9. h3 {[%emt 0:00:07]} Re8 {[%emt 0:00:39]} 10. d4 {[%emt 0:01:18]} Bf8 {[%emt 0:00:35]} 11. Nbd2 {[%emt 0:00:11]} Bb7 {[%emt 0:00:17]} 12. a4 {[%emt 0:00:10]} h6 {[%emt 0:01:25]} 13. Bc2 {[%emt 0:00:17]} exd4 {[%emt 0:01:47]} 14. cxd4 {[%emt 0:00:08]} Nb4 {[%emt 0:00:43]} 15. Bb1 {[%emt 0:00:08]} c5 {[%emt 0:00:39]} 16. d5 {[%emt 0:00:10]} Nd7 {[%emt 0:01:09]} 17. Ra3 {[%emt 0:00:09]} c4 {[%emt 0:01:34]} 18. Rae3 {[%emt 0:06:31]} Nc5 {[%emt 0:04:50]} 19. b3 {[%emt 0:03:30]} Ncd3 {[%emt 0:13:12]} 20. Rf1 {[%emt 0:05:12]} f5 {[%emt 0:05:56]} 21. bxc4 {[%emt 0:19:40]} bxc4 {[%emt 0:01:40]} 22. exf5 {[%emt 0:38:01]} Bxd5 {[%emt 0:02:35]} 23. Nb3 {[%emt 0:03:48]} Qf6 {[%emt 0:05:41]} 24. Nbd4 {[%emt 0:03:14]} Bxf3 {[%emt 0:04:49]} 25. Nxf3 {[%emt 0:00:08]} d5 {[%emt 0:01:09]} 26. Rxe8 {[%emt 0:03:01]} Rxe8 {[%emt 0:03:03]} 27. Be3 {[%emt 0:00:06]} Bd6 {[%emt 0:07:51]} 28. Bxd3 {[%emt 0:09:11]} Nxd3 {[%emt 0:00:49]} 29. Nd4 {[%emt 0:00:10]} Re4 {[%emt 0:02:44]} 30. Qh5 {[%emt 0:01:52]} Rxd4 {[%emt 0:11:41]} 31. Qe8+ {[%emt 0:00:08]} Bf8 {[%emt 0:00:10]} 32. Bxd4 {[%emt 0:00:07]} Qxd4 {[%emt 0:00:03]} 33. Qe6+ {[%emt 0:00:09]} Kh8 {[%emt 0:00:20]} 34. Qxa6 {[%emt 0:01:35]} Nxf2 {[%emt 0:02:45]} 35. Rxf2 {[%emt 0:03:19]} Bc5 {[%emt 0:00:31]} 36. Qc8+ {[%emt 0:00:44]} Kh7 {[%emt 0:00:02]} 37. Qe6 {[%emt 0:00:52]} Qxf2+ {[%emt 0:00:07]} 38. Kh2 {[%emt 0:00:04]} Qg1+ {[%emt 0:00:20]} 39. Kg3 {[%emt 0:00:02]} Qe3+ {[%emt 0:00:06]} 40. Qxe3 {[%emt 0:00:00]} Bxe3 {[%emt 0:00:00]} 0-1

[Event "WYCC 2018 O16"]
[Site "Halkidiki"]
[Date "2018.10.20"]
[Round "1"]
[White "Kotau, Arseni"]
[Black "Kozak, Adam"]
[Result "1/2-1/2"]
[WhiteElo "2167"]
[BlackElo "2445"]
[Annotator "TA"]
[PlyCount "60"]
[EventDate "2018.10.20"]
[EventType "swiss"]
[EventCountry "GRE"]
[SourceTitle "playchess.com"]
[Source "ChessBase"]
[SourceQuality "1"]

{[%evp 22,60,-12,-19,17,-12,0,-1,0,-16,-6,0,-4,-5,0,0,14,0,0,0,27,31,20,27,22,11,20,21,25,7,18,0,39,38,40,16,22,2,11,0,38]} 1. d4 Nf6 2. c4 e6 3. Nf3 b6 4. g3 Bb7 5. Bg2 Be7 6. O-O O-O 7. Nc3 Ne4 8. Qc2 Nxc3 9. Qxc3 c5 10. dxc5 bxc5 11. Bf4 d6 12. Rad1 {LiveBook: 3 Games. E19: Queen's Indian: Old Main Line with 7...Ne4 8 Qc2 Nxc3 8 Qxc3} (12. Rfd1 Qb6 13. Bg5 Nc6 14. Bxe7 Nxe7 15. Qd3 Rfd8 16. Ng5 Ng6 17. Bxb7 Qxb7 18. Rd2 d5 19. cxd5 Rxd5 {½-½ (104) Kalashian,D (2399)-Vavulin,M (2583) Batumi 2018}) 12... Qc7 13. Bg5 Rd8 $146 (13... f6 {keeps more tension.} 14. Bd2 Nc6 15. Qd3 a5 16. e4 Nb4) ({Predecessor:} 13... Nc6 14. Bxe7 Qxe7 15. Rd2 Rab8 16. Rfd1 Rfd8 17. Qe3 h6 18. Qc3 Qc7 19. Qe3 {½-½ (19) Le Duigou,J (2107)-Kunakov,O (2007) IECC email 2002}) 14. Bxe7 Qxe7 15. Rfe1 Nc6 16. Nh4 {[%cal Bf3h4,Bh4g2,Bg2f4][%mdl 32]} Rab8 17. Rd2 Qc7 18. Red1 Rd7 19. Be4 Rbd8 20. Ng2 Qa5 (20... Qb6 {seems wilder.} 21. Ne1 h6 22. Nd3 Nd4 23. Bxb7 Qxb7 24. Ne1 a5) 21. Qxa5 Nxa5 22. Bxb7 Nxb7 23. Nf4 Na5 24. b3 Kf8 25. e3 Ke7 26. Ne2 Nc6 27. Nc3 g5 {[%cal Bg7g5,Bg5h4][%mdl 32]} 28. f4 h6 {The position is equal.} 29. Kf2 f5 30. h4 gxh4 {Precision: White = 44%, Black = 31%.} 1/2-1/2

[Event "WYCC 2018 O16"]
[Site "Halkidiki"]
[Date "2018.10.20"]
[Round "1"]
[White "Beukes, Dante M"]
[Black "Vrolijk, Liam"]
[Result "0-1"]
[WhiteElo "2155"]
[BlackElo "2437"]
[Annotator "ChessBase"]
[PlyCount "70"]
[EventDate "2018.10.20"]
[EventType "swiss"]
[EventCountry "GRE"]
[SourceTitle "playchess.com"]
[Source "ChessBase"]
[SourceQuality "1"]
[TimeControl "40/5400+30:1800+30"]

1. e4 {[%emt 0:00:00]} e5 {[%emt 0:00:00]} 2. Nf3 {[%emt 0:00:00]} Nc6 {[%emt 0:00:00]} 3. Bc4 {[%emt 0:00:00]} Bc5 {[%emt 0:00:00]} 4. O-O {[%emt 0:00:00]} Nf6 {[%emt 0:00:00]} 5. d3 {[%emt 0:00:00]} O-O {[%emt 0:00:13]} 6. c3 {[%emt 0:00:08]} d6 {[%emt 0:00:13]} 7. h3 {[%emt 0:00:50]} h6 {[%emt 0:01:01]} 8. Re1 {[%emt 0:00:35]} a5 {[%emt 0:00:47]} 9. a4 {[%emt 0:01:22]} Be6 {[%emt 0:02:50]} 10. Nbd2 {[%emt 0:01:48]} Qd7 {[%emt 0:08:44]} 11. Bxe6 {[%emt 0:04:03]} fxe6 {[%emt 0:01:17]} 12. Nf1 {[%emt 0:02:31]} Nh5 {[%emt 0:07:23]} 13. Be3 {[%emt 0:05:18]} Nf4 {[%emt 0:06:12]} 14. N1h2 {[%emt 0:11:27]} Rad8 {[%emt 0:04:07]} 15. g3 {[%emt 0:08:15]} Bxe3 {[%emt 0:11:29]} 16. Rxe3 {[%emt 0:00:43]} Ng6 {[%emt 0:02:15]} 17. d4 {[%emt 0:17:33]} exd4 {[%emt 0:03:58]} 18. Nxd4 {[%emt 0:00:48]} e5 {[%emt 0:09:27]} 19. Qb3+ {[%emt 0:06:26]} Rf7 {[%emt 0:03:38]} 20. Nf5 {[%emt 0:04:50]} Kh7 {[%emt 0:04:17]} 21. Re2 {[%emt 0:14:32]} b6 {[%emt 0:04:37]} 22. Nf1 {[%emt 0:03:27]} Nf8 {[%emt 0:02:22]} 23. Qb5 {[%emt 0:04:51]} Ne6 {[%emt 0:03:08]} 24. Nd2 {[%emt 0:04:03]} Ng5 {[%emt 0:08:30]} 25. Kg2 {[%emt 0:04:23]} g6 {[%emt 0:02:31]} 26. h4 {[%emt 0:00:20]} Nxe4 {[%emt 0:03:07]} 27. Nxh6 {[%emt 0:01:14]} Rxf2+ {[%emt 0:01:43]} 28. Rxf2 {[%emt 0:00:58]} Nxf2 {[%emt 0:00:03]} 29. Rf1 {[%emt 0:02:20]} Rf8 {[%emt 0:00:18]} 30. Rxf2 {[%emt 0:00:36]} Rxf2+ {[%emt 0:00:08]} 31. Kxf2 {[%emt 0:00:05]} Kxh6 {[%emt 0:00:07]} 32. Nf3 {[%emt 0:01:14]} d5 {[%emt 0:02:28]} 33. Ng5 {[%emt 0:00:38]} e4 {[%emt 0:02:12]} 34. Qa6 {[%emt 0:01:01]} Ne5 {[%emt 0:02:08]} 35. Qe2 {[%emt 0:00:39]} Qxa4 {[%emt 0:02:04]} 0-1

[Event "WYCC 2018 O16"]
[Site "Halkidiki"]
[Date "2018.10.20"]
[Round "1"]
[White "Van Malder, Dries"]
[Black "Blohberger, Felix"]
[Result "1/2-1/2"]
[WhiteElo "2150"]
[BlackElo "2433"]
[Annotator "TA"]
[PlyCount "78"]
[EventDate "2018.10.20"]
[EventType "swiss"]
[EventCountry "GRE"]
[SourceTitle "playchess.com"]
[Source "ChessBase"]
[SourceQuality "1"]

{[%evp 28,78,6,6,9,6,12,0,0,-16,0,2,3,-25,-17,-16,-14,-16,-16,-26,-17,-23,-23,-32,-18,-21,-11,-60,-50,-169,-99,-97,-35,-96,-39,-41,0,-87,0,-33,-16,-16,-16,-16,-16,-16,0,-23,0,-20,-9,-27,0]} 1. d4 Nf6 2. c4 g6 3. Nc3 Bg7 4. Nf3 O-O 5. g3 d6 6. Bg2 Nbd7 7. O-O e5 8. e4 exd4 9. Nxd4 Re8 10. h3 Nc5 11. Re1 Bd7 12. Bf4 h6 13. Qc2 {E68: King's Indian: Fianchetto: 6...Nbd7 7 0-0 e5 8 e4} Nfxe4 14. Nxe4 Bxd4 15. Qd2 {LiveBook: 7 Games. The position is equal.} Bg7 16. Nxc5 dxc5 17. Bxh6 Be6 {[#]} 18. Qxd8 $146 ({Predecessor:} 18. Qf4 Bxh6 19. Qxh6 Qf6 20. b3 c6 {½-½ (32) Svidler,P (2749)-Radjabov,T (2788) Astana 2012}) 18... Raxd8 19. Bxg7 Kxg7 20. b3 b6 21. Re2 Rh8 22. h4 a5 {[%cal Ba7a5,Ba5a4][%mdl 32]} 23. Rc1 Rd4 24. Be4 {[#]} a4 $1 {[%mdl 512]} 25. Kg2 (25. bxa4 Bxc4) 25... Rhd8 26. Rc3 a3 27. Rcc2 Rd1 28. Kf3 ({White should play} 28. Bf3 $15) 28... R8d4 (28... Bh3 $1 $19 {White must now prevent ...f5.} 29. Bd5 Rd6) 29. Kg2 $17 {[#]} Kf6 (29... c6 $1 $17 {[%mdl 512]}) 30. Re3 {[#]} (30. f3 $15) 30... R4d2 (30... c6 $1 $17 {[%mdl 512]} 31. Bxc6 R4d2) 31. Re2 $1 $15 Rd4 32. Re3 R4d2 ({Black should try} 32... c6 $17) 33. Re2 $1 Rxc2 (33... Rd6 {keeps more tension.} 34. f3 Kg7 35. Rf2 Bd7 36. Rce2 f5) 34. Bxc2 {[%mdl 4096] Endgame KRB-KRB} Rc1 35. Be4 Ra1 36. Bd3 Rd1 37. Bc2 Rc1 38. Be4 Rc3 39. Re3 Rc1 {Precision: White = 57%, Black = 34%.} 1/2-1/2

[Event "WYCC 2018 O16"]
[Site "Halkidiki"]
[Date "2018.10.20"]
[Round "1"]
[White "Vatsal Singhania"]
[Black "Kosakowski, Jakub"]
[Result "0-1"]
[WhiteElo "2128"]
[BlackElo "2413"]
[Annotator "TA"]
[PlyCount "142"]
[EventDate "2018.10.20"]
[EventType "swiss"]
[EventCountry "GRE"]
[SourceTitle "playchess.com"]
[Source "ChessBase"]
[SourceQuality "1"]

{[%evp 27,141,-20,-12,-39,-16,-52,-27,-30,-24,-94,-70,-71,-75,-76,-87,-74,-73,-120,-125,-114,-119,-189,-167,-185,-170,-264,-273,-275,-266,-379,-362,-323,-211,-204,-133,-208,-205,-203,-193,-193,-201,-220,-218,-229,-225,-227,-215,-201,-200,-177,-180,-216,-165,-162,-166,-194,-206,-205,-178,-186,-167,-177,-164,-216,-210,-201,-178,-200,-175,-576,-582,-29969,-29973,-29973,-29966,-29975,-29976,-29976,-29976,-29977,-29978,-29977,-29978,-29978,-29979,-29979,-29980,-29980,-29981,-29981,-29981,-29985,-29986,-29986,-29987,-29987,-29988,-29988,-29989,-29989,-29989,-29989,-29990,-29993,-29994,-29994,-29995,-29995,0,-29996,-29997,-29997,-29998,-29998,-29999,-29999]} 1. d4 Nf6 2. Nf3 g6 3. c4 Bg7 4. g3 d5 5. cxd5 Nxd5 6. Bg2 Nb6 7. O-O Nc6 8. e3 O-O 9. Nc3 Re8 10. Nh4 {D76: Fianchetto Grünfeld: Main Line with 7...Nb6} (10. a3 e5 11. d5 Na5 12. Qc2 c6 13. b4 Nac4 14. dxc6 bxc6 15. Rd1 Bf5 16. e4 Bd7 17. Na4 Nxa4 18. Qxc4 {½-½ (50) Le,Q (2737)-Ivanchuk,V (2726) Huaian 2017}) 10... e5 11. d5 Nb4 12. a3 Na6 13. e4 c6 14. dxc6 bxc6 {LiveBook: 3 Games} 15. Qc2 Bg4 $146 ({Predecessor:} 15... Nc5 16. Rd1 Qe7 17. Be3 Ne6 {1-0 (38) Tan,Z (2512)-Lei,T (2436) Al Ain 2015}) 16. f3 Be6 17. Rd1 Qe7 {next ...Nc5 is good for Black.} 18. Be3 (18. b4 $11 {remains equal.}) 18... Nc4 19. Bf2 Bh6 20. Qe2 {aiming for b3.} Nc7 21. Bf1 Na5 22. b4 Nb3 $1 23. Rab1 {[#]} a5 $1 24. Qc2 (24. Ng2 $17 {was the only chance.}) 24... axb4 $19 25. axb4 {[#]} Nd4 $1 {[%cal Rd4c2][%mdl 512]} 26. Bxd4 (26. Qb2 $142) 26... exd4 27. Na4 Nb5 28. Bxb5 (28. Rd3 $142) 28... cxb5 29. Nc5 Bc4 30. Ng2 Bg7 31. Nd3 (31. Nf4 $17) 31... Ra3 32. Nge1 Rea8 33. Qf2 h5 34. e5 Bxe5 35. Nxe5 Qxe5 36. Qxd4 Qe2 {[%csl Gc4][%cal Re2f1]} 37. Qf2 Ra2 38. Qxe2 Rxe2 ({Don't take} 38... Bxe2 39. Rdc1 $17) 39. Ra1 Rxa1 40. Rxa1 {[%mdl 4096] Endgame KRB-KRN} Rb2 41. Rd1 Rxb4 42. Rd2 Rb1 43. Kf2 b4 {[%cal Bb5b4,Bb4b3][%mdl 32]} 44. Nc2 b3 45. Ne3 (45. Na3 $142 Rf1+ 46. Ke3) 45... Be6 46. Nd1 Bf5 {Strongly threatening ...Rxd1!} 47. Ke2 Bc2 {Threatens to win with ...Rxd1.} 48. Ne3 $2 {[#]} (48. Nf2) 48... Rh1 $1 {[%cal Rh1h2]} 49. Nxc2 Rxh2+ 50. Kd3 bxc2 51. Rxc2 Rxc2 52. Kxc2 {K3P-KPP} Kg7 53. Kd3 Kf6 54. Ke4 Kg5 55. Ke3 f5 56. Kf2 f4 57. Kg2 fxg3 58. Kxg3 {KPP-KP} Kf5 59. Kg2 Kf4 60. Kf2 g5 61. Kg2 h4 62. Kf2 h3 63. Kg1 Kxf3 {KP-KP} 64. Kh1 g4 65. Kh2 g3+ 66. Kh1 g2+ 67. Kg1 {[#]} h2+ $1 68. Kxh2 {intending Kg1.} Kf2 {Black mates.} 69. Kh3 g1=Q {[%csl Gf2][%cal Rg1g3]} 70. Kh4 Qg6 71. Kh3 Qh5# {Precision: White = 49%, Black = 85%.} ({Black should try} 71... Qg3#) 0-1